Statistics for ALL 100K+ Cities of Scotland on a Map

Click here to take the quiz!

General Stats

  • This quiz has been taken 271 times
  • The average score is 4 of 6

Answers on the Map

Answers color-coded by a green-red scale on the quiz's map according to % correct below.
 

Answer Stats

PopulationCity/Town/Urban Area% Correct
522,350Edinburgh
99%
999,300Glasgow
99%
211,930Aberdeen
97%
158,760Dundee
87%
102,920Falkirk
31%
124,840Motherwell
22%

Score Distribution

Percentile by Number Answered

Percent of People with Each Score

Your Score History

You have not taken this quiz